header

Food allergy (Record no. 113003)

MARC details
000 -LEADER
fixed length control field 02655nam a22003854a 4500
082 04 - DEWEY DECIMAL CLASSIFICATION NUMBER
Classification number 363.19/2
245 00 - TITLE STATEMENT
Title Food allergy
260 ## - PUBLICATION, DISTRIBUTION, ETC. (IMPRINT)
Place of publication Washington, D.C. :
Name of publisher ASM Press,
Year of publication c2006.
300 ## - PHYSICAL DESCRIPTION
Number of Pages xiii, 330 p., [4] p. of plates :
Other physical details ill. (some col.).
505 0# - FORMATTED CONTENTS NOTE
Formatted contents note Clinical manifestations of food allergic disease / Tamara T. Perry, Amy M. Scurlock, Stacie M. Jones -- Exploring current and novel methods for the detection and diagnosis of food allergy: the clinical approach / Adriano Mari, Enrico Scala -- The big eight foods: clinical and epidemiological overview / Suzanne S. Teuber ... [et al.] -- Molecular and immunological responses to food / Victor Turcanu, Gideon Lack -- The relationship of t-cell epitopes and allergen structure / Samuel J. Landry -- Vaccines and immunotherapies for future treatment of food allergy / Wesley Burks, Ariana Buchanan, Laurent Pons -- Animal models for food allergy / Ricki Helm -- Approaches to the detection of food allergens, from a food science perspective / Carmen D. Westphal -- Predicting the allergenicity of novel proteins in genetically modified organisms / Richard E. Goodman, John Wise -- Bioinformatics for predicating allergenicity / Steven M. Gendel -- Structural database for allergic proteins (sdap) / Catherine Schein, Ovidiu Ivanciuc, Werner Braun -- Hypoallergenic foods beyond infant formula / Peggy Ozias-Akins, Maria Laura Ramos, Ye Chu -- The effects of processing methods on allergenic properties of food proteins / Soheila Maleki, Shri Sathe.
650 #0 - SUBJECT ADDED ENTRY--TOPICAL TERM
Topical Term Food allergy.
Topical Term Food additives
700 1# - ADDED ENTRY--PERSONAL NAME
Personal name Maleki, Soheila J.
Personal name Burks, A. Wesley.
Personal name Helm, Ricki M.
856 40 - ELECTRONIC LOCATION AND ACCESS
Uniform Resource Identifier http://site.ebrary.com/lib/rucke/Doc?id=10365034

No items available.

© 2026 Rongo University
Contact us: librarian | system librarian | Rongo university